| 000 | 00438cam a2200181ua 4500 | ||
|---|---|---|---|
| 020 | _c30.00 | ||
| 041 |
_aeng _h |
||
| 082 |
_a303.4 _bKUP/SO |
||
| 100 | _aKuppuswami, B . | ||
| 245 |
_aSocial change in India / _cB.Kuppuswamy. _hTextual Documents |
||
| 250 |
_a1 / _b. |
||
| 260 |
_a : _bVikas publishing house pvt ltd , _c1975. |
||
| 300 | _a438 ; . | ||
| 365 | _a30.00 | ||
| 504 | _a | ||
| 942 | _cBK | ||
| 999 |
_c2110 _d2110 |
||